| 000 | 01801cam a22005294i 4500 | ||
|---|---|---|---|
| 003 | PE-LiUPU | ||
| 005 | 20250731180100.0 | ||
| 008 | 160920s r 000 0 spa d | ||
| 020 | _a9563458516 | ||
| 020 | _a9789563458510 | ||
| 035 | _a(Sirsi) a163586 | ||
| 040 |
_aPE-LiUPU _bspa _cPE-LiUPU _erda |
||
| 049 | _aPRUA | ||
| 082 | 0 | 4 |
_a551 _bV41 _220 |
| 100 | 1 |
_aVéliz Araya, Walter, _eautor. |
|
| 245 | 1 | 3 |
_aEl factor geológico : _bsan José: sondajes hacia la vida / _cWalter Véliz Araya. |
| 264 |
_aChile : _bPEFC, _c2012. |
||
| 300 |
_a287 páginas : _bIlustraciones ; _c26 centímetros. |
||
| 336 |
_atext _2rdacontent |
||
| 337 |
_aunmediated _2rdamedia |
||
| 338 |
_avolume _2rdacarrier |
||
| 505 | 0 | _aProspección de 33 -- El gran derrumbe -- Un geólogo de vallenar llega a san José -- Maquinas del desierto -- Vida en la Mina -- El plna de los geólogos -- Atascados en medio del pozo -- El fin del infierno. | |
| 526 | _aSEG44 | ||
| 526 | _aSEG26 | ||
| 526 | _aP159 | ||
| 526 | _aP155 | ||
| 526 | _aP154 | ||
| 526 | _aP153 | ||
| 526 | _aP150 | ||
| 526 | _aP100 | ||
| 526 | _aP31 | ||
| 526 | _aP30 | ||
| 526 | _aP26 | ||
| 526 | _aP25 | ||
| 526 | _aP24 | ||
| 526 | _aP22 | ||
| 526 | _aP15 | ||
| 526 | _aP10 | ||
| 700 | 1 |
_aMatthews Rojas, Felipe, _eautor. |
|
| 910 |
_ajck _bncf _cncf _d20160920 |
||
| 942 |
_2ddc _cBOOK |
||
| 949 |
_a551 V41 _wDEWEY _c1 _i74554 _lCATALOGING _mBUL _p45.00 _r0 _sY _tBOOK _u20/09/16 _xINGENIERIA _PP24 _0DONACION _o.STAFF. Colección Fia |
||
| 994 |
_aC0 _bPEPRU |
||
| 596 | _a1 | ||
| 999 |
_a551 V41 _wDEWEY _c12450 _i74554 _f2021-11-9 _g7 _lCCODEBUL1 _mBUL _p45.00 _r0 _sY _tBOOK _u2016-9-20 _xINGENIERIA _PP24 _0COMPRA _o.STAFF. Colección FIA _d12450 |
||
| 980 |
_81 _gALBERTO SANCHEZ Responsable de Automatización |
||